banner-ar

صمم بنفسك مشروعات اللاب توب / (Record no. 60841)

MARC details
000 -الفاتح
حقل البيانات ثابتة الطول 01135nam a22002537a 4500
005 - وقت وتاريخ اخر تعامل مع التسجيلة
رقم الضبط 20240530110431.0
008 - عناصر البيانات ثابتة الطول - معلومات عامة
حقل البيانات ثابتة الطول 150331s2009 ua ado g 000 0 ara d
017 ## - رقم الايداع القانونى
رقم الايداع القانونى 2009/7094
المصدر ( الهيئة المختصة) مصر . دار الكتب المصرية
020 ## - الرقم الدولى المعيارى للكتب
الرقم الدولى المعيارى للكتاب 9789774553217
040 ## - مصدر الفهرسة
وكالة الفهرسة الأصلية EG-CaGPL
082 04 - رقم تصنيف ديوى العشرى
رقم الطبعة 21
رقم التصنيف 005.34\
رقم المادة ج ص
100 1# - المدخل الرئيسى - إسم شخصى
الإسم الشخصى جافى ، جستين
245 10 - بيان العنوان
العنوان صمم بنفسك مشروعات اللاب توب /
بيان المسئوليه,etc تاليف جستين جافى ، براين نادل ؛ الترجمة باعتماد خالد العامرى
250 ## - بيان الطبعة
بيان الطبعة ط1
260 ## - PUBLICATION, DISTRIBUTION, ETC. (IMPRINT)
تاريخ النشر أو التوزيع 2009.
300 ## - الوصف المادى
التعداد 312 ص :
تفاصيل ماديه اخرى للوعاء ايض ؛
أبعاد الوعاء 24 سم.
650 04 - المدخل الاضافى بالموضوع-مصطلح موضوعى
مصطلح موضوعي الحاسبات الالكترونية الشخصية
650 04 - المدخل الاضافى بالموضوع-مصطلح موضوعى
مصطلح موضوعي الحاسبات الالكترونية الشخصية
التقسيم الفرعي العام ادارة برامج
650 04 - المدخل الاضافى بالموضوع-مصطلح موضوعى
مصطلح موضوعي الحاسبات الالكترونية الشخصية
التقسيم الفرعي العام استخدامات
700 1# - المدخل الاضافى - اسم شخصى
الإسم الشخصى نادل ، براين
الدور مؤلف مشارك
700 0# - المدخل الاضافى - اسم شخصى
الإسم الشخصى خالد العامرى
الدور مترجم
942 ## - عناصر المدخل الإضافي( كوها)
مصدر التصنيف او مخطط الترفيف Dewey Decimal Classification
Koha [default] item type كتاب
260 ## - PUBLICATION, DISTRIBUTION, ETC. (IMPRINT)
-- القاهرة :
-- دار الفاروق للاستثمارات الثقافية ،
Holdings
حالة التراجع حالة الفقد حالة تلف ليس للاعارة المكان المؤقت الموقع الحالى تاريخ الاكتساب اجمالي اﻻعارات رقم الطلب الباركود تاريخ اخر مشاهدة تاريخ تفعيل السعر نوع وعاء كوها
        مكتبة القاهرة الكبرى مكتبة القاهرة الكبرى 03/31/2015   005.34\ ج ص 160010 03/31/2015 03/31/2015 كتاب

Powered By

EGPV